Most Famous NBA Players - Statistics

General Stats
  • This quiz has been taken 283 times
    67 since last reset
  • The average score is 17 of 25
Answer Stats
Team Player % Correct
Los Angeles Lakers LeBron James
98%
Chicago Bulls Michael Jordan
98%
Golden State Warriors Stephen Curry
92%
Los Angeles Lakers Kobe Bryant
86%
Los Angeles Lakers Luka Doncic
80%
Los Angeles Lakers Magic Johnson
80%
Houston Rockets Kevin Durant
76%
Los Angeles Lakers Shaquille O’Neal
76%
Boston Celtics Larry Bird
75%
San Antonio Spurs Victor Wembanyama
75%
Minnesota Timberwolves Anthony Edwards
73%
Milwaukee Bucks Giannis Antetokounmpo
73%
Boston Celtics Jayson Tatum
73%
Dallas Mavericks Kyrie Irving
73%
Oklahoma City Thunder Shai Gilgeous-Alexander
73%
Los Angeles Clippers James Harden
71%
Memphis Grizzlies Ja Morant
71%
Phoenix Suns Devin Booker
69%
Los Angeles Lakers Bronny James
65%
Philadelphia 76ers Allen Iverson
51%
Sacramento Kings Russell Westbrook
49%
Dallas Mavericks Cooper Flagg
43%
Dallas Mavericks Klay Thompson
37%
Cleveland Cavaliers Tristan Thompson
35%
Cleveland Cavaliers Lonzo Ball
20%
No matching quizzes found
Score Distribution
Percent of People with Each Score
Percentile by Number Answered
Your Score History
You have not taken this quiz since the last reset